000
002800000a22001090004500
100
1
_a
Ruíz, Marta
245
1
0
_a
Juego de Palabras
300
_a
Número 32 (Mayo, 2008), Página 5
500
_a
La lengua absuelta
773
0
_t
Arcadia / Andrés Felipe Solano, Editor
942
_c
ANA
999
_c
62502
_d
62502